| 000 | 00514nac a22001691u 4500 | ||
|---|---|---|---|
| 020 | _a8170086361 | ||
| 082 |
_b621 _aRAJ |
||
| 090 |
_c9525 _d9525 |
||
| 100 | _aRajput, R. K. | ||
| 245 |
_aElements of mechanical engineering/ _cR. K. Rajput |
||
| 260 |
_aNew Delhi: _bLaxmi Publications,2005 _c2005 |
||
| 300 |
_a620p.: _bill; _c23 cm. |
||
| 500 | _adistributer: Al-Ahram | ||
| 511 | _aCatalogued by: wessam | ||
| 650 | _aMechanical engineering | ||
| 942 |
_cBB _k621RAJ |
||
| 999 |
_c9525 _d9525 |
||